000 00352 a2200169 4500
001 162942
020 _a85-00-12868-2
040 _cMagnum
100 _aJunqueira, Sonia
240 1 0 _aUm dia, no circo
_lpor
245 1 0 _aUm dia, no circo
300 _a15
362 0 _a1995
440 1 _aEdiouro
697 _aLITERATURA INFANTIL
942 _cBK
999 _c162942
_d162942